[Event "Hessenliga 1617"]
[Site "Hessen"]
[Date "2017.03.26"]
[Round "8.2"]
[White "Goreacinic, Dmitri"]
[Black "Mueller, Maximilian"]
[Result "1/2-1/2"]
[WhiteElo "2276"]
[BlackElo "2281"]
[PlyCount "24"]
[EventDate "2016.09.18"]
[EventType "team-tourn"]
[EventRounds "9"]
[EventCountry "GER"]
[SourceTitle "EXT 2018"]
[Source "ChessBase"]
[SourceDate "2017.10.13"]
[SourceVersion "1"]
[SourceVersionDate "2017.10.13"]
[SourceQuality "1"]
[WhiteTeam "Offenbach"]
[BlackTeam "Gernsheim"]
[WhiteTeamCountry "GER"]
[BlackTeamCountry "GER"]

1. d4 d5 2. c4 dxc4 3. Nf3 Nf6 4. e3 b5 5. a4 b4 6. Bxc4 e6 7. a5 a6 8. 0-0 Bb7 9. Qe2 c5 10. Rd1 cxd4 11. exd4 Be7 12. Be3 0-0 1/2-1/2

[Event "Hessenliga 1617"]
[Site "Hessen"]
[Date "2017.02.05"]
[Round "6.1"]
[White "Goreacinic, Dmitri"]
[Black "Roemer, Torsten"]
[Result "1-0"]
[WhiteElo "2276"]
[BlackElo "2059"]
[PlyCount "81"]
[EventDate "2016.09.18"]
[EventType "team-tourn"]
[EventRounds "9"]
[EventCountry "GER"]
[SourceTitle "EXT 2018"]
[Source "ChessBase"]
[SourceDate "2017.10.13"]
[SourceVersion "1"]
[SourceVersionDate "2017.10.13"]
[SourceQuality "1"]
[WhiteTeam "Offenbach"]
[BlackTeam "Niederbrechen"]
[WhiteTeamCountry "GER"]
[BlackTeamCountry "GER"]

1. d4 Nf6 2. c4 e6 3. Nc3 Bb4 4. Bf4 0-0 5. e3 b6 6. Bd3 Bb7 7. Nf3 Ne4 8. 0-0 f5 9. Nb5 Na6 10. a3 Be7 11. h3 d6 12. Rc1 c6 13. Nc3 c5 14. Bh2 Nc7 15. b4 Bf6 16. Na4 Bc6 17. dxc5 bxc5 18. Bxe4 fxe4 19. Nd2 cxb4 20. axb4 Qe7 21. b5 Nxb5 22. cxb5 Bxb5 23. Nxe4 d5 24. Bd6 Qe8 25. Nec3 Bxf1 26. Bxf8 Bxg2 27. Kxg2 Kxf8 28. Qg4 Rc8 29. Rb1 Bxc3 30. Nxc3 Rc4 31. Qf3+ Kg8 32. Rb3 Rc7 33. Qg3 Qc6 34. Rb8+ Rc8 35. Rxc8+ Qxc8 36. Qe5 Qa6 37. Qb8+ Kf7 38. Nb5 Kg6 39. Nxa7 e5 40. Qe8+ Kh6 41. Qc6+ 1-0

[Event "Hessenliga 1516"]
[Site "Germany"]
[Date "2016.03.06"]
[Round "8.1"]
[White "Mueller, Maximilian"]
[Black "Goreacinic, Dmitri"]
[Result "1/2-1/2"]
[WhiteElo "2275"]
[BlackElo "2276"]
[PlyCount "74"]
[EventDate "2015.09.27"]
[EventType "team-tourn"]
[EventRounds "9"]
[EventCountry "GER"]
[SourceTitle "EXT 2018"]
[Source "ChessBase"]
[SourceDate "2017.10.13"]
[SourceVersion "1"]
[SourceVersionDate "2017.10.13"]
[SourceQuality "1"]
[WhiteTeam "Gernsheim"]
[BlackTeam "Offenbach"]
[WhiteTeamCountry "GER"]
[BlackTeamCountry "GER"]

1. d4 d5 2. c4 Bf5 3. cxd5 Bxb1 4. Qa4+ c6 5. dxc6 Nxc6 6. Rxb1 e5 7. Bd2 Qxd4 8. Qxd4 exd4 9. g3 Nf6 10. Bg2 Bd6 11. Nh3 0-0 12. 0-0 Rfe8 13. e3 Ne4 14. Bxe4 Rxe4 15. f3 Re7 16. e4 Rf8 17. g4 h5 18. g5 f5 19. gxf6 gxf6 20. Kf2 Kf7 21. Bf4 Ne5 22. Bxe5 Rxe5 23. Ke2 Ra5 24. a3 Bxh2 25. Kd3 Rd8 26. f4 Rb5 27. b4 h4 28. Rfc1 Kg6 29. a4 Rb6 30. Rc5 Rbd6 31. Rd1 b6 32. Rc7 a6 33. f5+ Kh6 34. Rh1 Bg3 35. Nf4 R8d7 36. Rc8 Rd8 37. Rc7 R8d7 1/2-1/2

[Event "Hessenliga 1516"]
[Site "Germany"]
[Date "2015.09.27"]
[Round "1.2"]
[White "Chandler, Patrick"]
[Black "Goreacinic, Dmitri"]
[Result "0-1"]
[WhiteElo "2172"]
[BlackElo "2276"]
[PlyCount "100"]
[EventDate "2015.09.27"]
[EventType "team-tourn"]
[EventRounds "9"]
[EventCountry "GER"]
[SourceTitle "EXT 2018"]
[Source "ChessBase"]
[SourceDate "2017.10.13"]
[SourceVersion "1"]
[SourceVersionDate "2017.10.13"]
[SourceQuality "1"]
[WhiteTeam "Gelnhausen"]
[BlackTeam "Offenbach"]
[WhiteTeamCountry "GER"]
[BlackTeamCountry "GER"]

1. d4 d5 2. Nf3 Bf5 3. c4 e6 4. Nc3 c6 5. Bg5 Qb6 6. Qc1 h6 7. c5 Qc7 8. Bf4 Qc8 9. e3 Nd7 10. b4 a6 11. Be2 Ngf6 12. h3 Be7 13. g4 Bg6 14. Rg1 h5 15. g5 Ne4 16. Ne5 Nxe5 17. Bxe5 Nxg5 18. Na4 Qd8 19. Nb6 Ra7 20. Rh1 Be4 21. Rg1 f6 22. Rxg5 fxg5 23. f3 Bf5 24. Bxg7 Rh7 25. Be5 Kf7 26. Kd2 Bf6 27. Bd6 Bxh3 28. Qh1 Bf5 29. Qh2 Rh8 30. a4 h4 31. Rf1 h3 32. a5 Kg6 33. Bd3 Qe8 34. e4 Bxd4 35. exf5+ exf5 36. Kc2 Bf6 37. Kb3 Qe3 38. Qc2 h2 39. Rh1 Rh3 40. Qe2 Qd4 41. Ka4 g4 42. Qe8+ Kg5 43. Qg8+ Bg7 44. Be7+ Kf4 45. Bd6+ Kxf3 46. Bxf5 Kg2 47. Qe6 Kxh1 48. Qe1+ Qg1 49. Be4+ dxe4 50. Qxe4+ Rf3 0-1

[Event "Oberliga Ost-B 1314"]
[Site "Germany"]
[Date "2014.01.19"]
[Round "7.1"]
[White "Kolesnik, Eduard"]
[Black "Goreacinic, Dmitri"]
[Result "1-0"]
[WhiteElo "2310"]
[BlackElo "2286"]
[PlyCount "69"]
[EventDate "2013.10.13"]
[EventType "team-tourn"]
[EventRounds "11"]
[EventCountry "GER"]
[SourceTitle "EXT 2015"]
[Source "ChessBase"]
[SourceDate "2014.11.20"]
[SourceVersion "1"]
[SourceVersionDate "2014.11.20"]
[SourceQuality "1"]
[WhiteTeam "Heusenstamm"]
[BlackTeam "Offenbach"]
[WhiteTeamCountry "GER"]
[BlackTeamCountry "GER"]

1. e4 c5 2. Nf3 Qa5 3. Nc3 g6 4. d4 Bg7 5. Bd2 cxd4 6. Nd5 Qd8 7. Bf4 d6 8. Nxd4 Nc6 9. Nb5 Rb8 10. Nbc3 Nf6 11. Bc4 0-0 12. 0-0 Nxd5 13. Bxd5 Be6 14. Bb3 b5 15. Qd2 b4 16. Nd1 Nd4 17. Be3 Nxb3 18. axb3 a5 19. Bd4 f6 20. Ne3 Rb5 21. Qd3 Qd7 22. Nc4 Bxc4 23. bxc4 Rh5 24. b3 f5 25. Bxg7 Kxg7 26. Rxa5 fxe4 27. Qd4+ e5 28. Ra7 exd4 29. Rxd7+ Rf7 30. Rxd6 e3 31. Rxd4 Rhf5 32. f3 Ra5 33. Rc1 Ra2 34. Kf1 Kf6 35. Rf4+ 1-0

[Event "Oberliga Ost-B 1213"]
[Site "Germany"]
[Date "2012.09.30"]
[Round "1.3"]
[White "Goreacinic, Dmitri"]
[Black "Felgendreher, Heiko"]
[Result "1-0"]
[WhiteElo "2294"]
[BlackElo "2208"]
[PlyCount "111"]
[EventDate "2012.09.30"]
[EventType "team-tourn"]
[EventRounds "11"]
[EventCountry "GER"]
[SourceTitle "EXT 2014"]
[Source "ChessBase"]
[SourceDate "2013.11.20"]
[SourceVersion "1"]
[SourceVersionDate "2013.11.20"]
[SourceQuality "1"]
[WhiteTeam "Offenbach"]
[BlackTeam "Moerlenbach"]
[WhiteTeamCountry "GER"]
[BlackTeamCountry "GER"]

1. d4 Nf6 2. c4 g6 3. Nc3 d5 4. cxd5 Nxd5 5. e4 Nxc3 6. bxc3 Bg7 7. Nf3 0-0 8. Ba3 Nd7 9. Qb3 c5 10. Be2 b6 11. Rd1 Qc7 12. 0-0 Bb7 13. d5 Rad8 14. Rfe1 Nf6 15. Bf1 Ng4 16. h3 Ne5 17. c4 Nxf3+ 18. Qxf3 f5 19. Bc1 fxe4 20. Qxe4 Rf7 21. Bg5 Bd4 22. Be3 Bxe3 23. Rxe3 Rdf8 24. f3 Bc8 25. Rde1 Qg3 26. Qe5 Qh4 27. Re4 Qh6 28. Qg3 Qg7 29. R1e3 g5 30. Qe1 Re8 31. d6 e6 32. Qg3 Qf6 33. h4 h6 34. hxg5 hxg5 35. Rg4 Rg7 36. Re5 Kf7 37. Rgxg5 Rxg5 38. Qxg5 Qxg5 39. Rxg5 Rd8 40. Rh5 Kg6 41. g4 Rxd6 42. Kf2 Rd2+ 43. Ke3 Rxa2 44. Bd3+ Kg7 45. Rh7+ Kg8 46. Rc7 Ba6 47. Ke4 Kf8 48. g5 Ra4 49. Rxa7 b5 50. Ke5 bxc4 51. Kf6 Ke8 52. Be4 Bb5 53. Rxa4 Bxa4 54. g6 Kf8 55. g7+ Kg8 56. Bg6 1-0

[Event "Frankfurt-chA"]
[Site "Frankfurt"]
[Date "2012.06.18"]
[Round "7"]
[White "Partzsch, Lukas"]
[Black "Goreacinic, Dmitri"]
[Result "0-1"]
[WhiteElo "2122"]
[BlackElo "2231"]
[PlyCount "106"]
[EventDate "2012.04.30"]
[EventType "swiss"]
[EventRounds "7"]
[EventCountry "GER"]
[SourceTitle "EXT 2013"]
[Source "ChessBase"]
[SourceDate "2012.11.22"]
[SourceVersion "1"]
[SourceVersionDate "2012.11.22"]
[SourceQuality "1"]

1. d4 d5 2. c4 c6 3. Nf3 Nf6 4. Nc3 a6 5. e3 Bf5 6. Bd3 Bg6 7. 0-0 e6 8. Bxg6 hxg6 9. Qd3 b5 10. b3 b4 11. Ne2 Ne4 12. h3 Nd7 13. Ne5 g5 14. Nxd7 Qxd7 15. f3 Nd6 16. Bd2 Nb7 17. cxd5 cxd5 18. Rac1 Be7 19. e4 0-0 20. Be3 a5 21. Qd2 f6 22. e5 a4 23. exf6 gxf6 24. f4 axb3 25. axb3 Nd6 26. Ng3 Nf7 27. fxg5 Nxg5 28. Bxg5 fxg5 29. Qd3 Qe8 30. Rc7 Rxf1+ 31. Nxf1 Ra1 32. Qf3 Qf8 33. Qd3 Qf6 34. Rb7 Re1 35. Rb8+ Kg7 36. Rb7 Kg8 37. Rd7 Kf7 38. Rb7 Re4 39. Kh2 Qf4+ 40. Kg1 Qf6 41. Kh2 Kg8 42. Ng3 Bd6 43. Kg1 Qxd4+ 44. Qxd4 Rxd4 45. Nh5 Be5 46. Re7 Re4 47. Kf1 Bc3 48. Rc7 Kf8 49. Ng3 Re1+ 50. Kf2 Rb1 51. Ne2 Rxb3 52. Nxc3 bxc3 53. Ke3 e5 0-1

[Event "Oberliga Ost-B 1112"]
[Site "Germany"]
[Date "2011.10.22"]
[Round "2.2"]
[White "Goreacinic, Dmitri"]
[Black "Kersten, Uwe"]
[Result "0-1"]
[WhiteElo "2317"]
[BlackElo "2314"]
[PlyCount "82"]
[EventDate "2011.10.02"]
[EventType "team-tourn"]
[EventRounds "11"]
[EventCountry "GER"]
[SourceTitle "EXT 2013"]
[Source "ChessBase"]
[SourceDate "2012.11.22"]
[SourceVersion "1"]
[SourceVersionDate "2012.11.22"]
[SourceQuality "1"]
[WhiteTeam "Offenbach"]
[BlackTeam "Kassel"]
[WhiteTeamCountry "GER"]
[BlackTeamCountry "GER"]

1. d4 Nf6 2. c4 c5 3. d5 b5 4. a4 Qa5+ 5. Bd2 b4 6. f3 g6 7. e4 d6 8. Bd3 Bg7 9. f4 Qc7 10. Nf3 0-0 11. 0-0 Bg4 12. Ra2 Nbd7 13. b3 Rae8 14. h3 Bxf3 15. Qxf3 e6 16. Be1 exd5 17. cxd5 c4 18. bxc4 Nc5 19. Re2 Nxa4 20. e5 dxe5 21. fxe5 Nd7 22. Bc2 Qb6+ 23. Bf2 Nac5 24. Nd2 Rxe5 25. Nb3 Rxe2 26. Qxe2 Qd6 27. Qe3 Rc8 28. Nd4 Bxd4 29. Qxd4 a5 30. Qg4 b3 31. Bf5 Re8 32. Bd4 a4 33. Bb2 Ne5 34. Qg5 f6 35. Qh6 gxf5 36. Rxf5 Ncd7 37. h4 Ng6 38. h5 Qg3 39. hxg6 hxg6 40. Rf3 Re1+ 41. Rf1 Re2 0-1

[Event "Bundesliga 0910"]
[Site "Germany"]
[Date "2010.02.07"]
[Round "9.6"]
[White "Goreacinic, Dmitri"]
[Black "Teske, Henrik"]
[Result "0-1"]
[WhiteElo "2324"]
[BlackElo "2545"]
[PlyCount "84"]
[EventDate "2009.10.16"]
[EventType "team-tourn"]
[EventRounds "15"]
[EventCountry "GER"]
[SourceTitle "CBM 134 Extra"]
[Source "ChessBase"]
[SourceDate "2010.03.03"]
[SourceVersion "1"]
[SourceVersionDate "2010.03.03"]
[SourceQuality "1"]
[WhiteTeam "Trier"]
[BlackTeam "Remagen"]
[WhiteTeamCountry "GER"]
[BlackTeamCountry "GER"]

1. d4 Nf6 2. c4 g6 3. Nc3 d5 4. cxd5 Nxd5 5. e4 Nxc3 6. bxc3 Bg7 7. Nf3 0-0 8. Ba3 b6 9. Bc4 Bb7 10. Qd3 c5 11. Rc1 Nc6 12. dxc5 bxc5 13. Bxc5 Rc8 14. Be3 Qc7 15. 0-0 Ne5 16. Nxe5 Bxe5 17. f4 Bxf4 18. Rxf4 Qxc4 19. Qxc4 Rxc4 20. Bd4 Ra4 21. Rc2 f6 22. e5 fxe5 23. Rxf8+ Kxf8 24. Bxe5 Bd5 25. Rf2+ Ke8 26. Rb2 Kd7 27. Bd4 a6 28. g3 Rxa2 29. Rxa2 Bxa2 30. Kf2 Kd6 31. Ke2 Bc4+ 32. Kd2 a5 33. Bb6 a4 34. Ba5 Kd5 35. Bb4 e5 36. Bf8 Bb5 37. Be7 Kc4 38. Kc2 e4 39. Bg5 a3 40. Bd2 Ba4+ 41. Kc1 Kd3 42. Be1 Ke2 0-1

[Event "RLP-ch MTA 27th"]
[Site "Hoeheinoed"]
[Date "2008.07.04"]
[Round "9"]
[White "Goreacinic, Dmitri"]
[Black "Gruenter, Martin"]
[Result "1/2-1/2"]
[WhiteElo "2324"]
[BlackElo "2040"]
[PlyCount "109"]
[EventDate "2008.06.27"]
[EventType "tourn"]
[EventRounds "11"]
[EventCountry "GER"]
[SourceTitle "EXT 2009"]
[Source "ChessBase"]
[SourceDate "2008.11.26"]
[SourceVersion "1"]
[SourceVersionDate "2008.11.26"]
[SourceQuality "1"]

1. d4 Nf6 2. c4 e6 3. Nc3 Bb4 4. Bf4 0-0 5. e3 c5 6. Bd6 Ne4 7. Bxf8 Nxc3 8. Qc2 Nxa2+ 9. Kd1 Qxf8 10. Nf3 d5 11. Rxa2 Nc6 12. Bd3 h6 13. Ke2 cxd4 14. exd4 g5 15. h3 Qg7 16. Rd1 Be7 17. Qc3 Bf6 18. Bb1 g4 19. hxg4 Qxg4 20. Kf1 dxc4 21. Qxc4 e5 22. Qc2 Bg7 23. dxe5 Qh5 24. Ra4 Bg4 25. Kg1 Nxe5 26. Nxe5 Bxe5 27. f3 Be6 28. g4 Qg5 29. Kg2 Qh4 30. f4 Qxg4+ 31. Kh1 Qh3+ 32. Qh2 Qf3+ 33. Qg2+ Qxg2+ 34. Kxg2 Bb3 35. Rxa7 Rxa7 36. Rd8+ Kg7 37. fxe5 Ra1 38. Be4 b5 39. Rd3 Bc4 40. Rg3+ Kf8 41. Kf3 Rf1+ 42. Ke3 Ke7 43. Rh3 Ke6 44. Rxh6+ Kxe5 45. Bd3 Bxd3 46. Kxd3 Rf3+ 47. Kc2 Kd5 48. Rh8 Kc5 49. Rh4 f5 50. Kd2 Rf2+ 51. Kd1 b4 52. b3 f4 53. Ke1 Rf3 54. Ke2 Rxb3 55. Rxf4 1/2-1/2

[Event "RLP-ch MTA 27th"]
[Site "Hoeheinoed"]
[Date "2008.07.02"]
[Round "7"]
[White "Goreacinic, Dmitri"]
[Black "Thieme Garmann, Alexander"]
[Result "1-0"]
[WhiteElo "2324"]
[BlackElo "2148"]
[PlyCount "59"]
[EventDate "2008.06.27"]
[EventType "tourn"]
[EventRounds "11"]
[EventCountry "GER"]
[SourceTitle "EXT 2009"]
[Source "ChessBase"]
[SourceDate "2008.11.26"]
[SourceVersion "1"]
[SourceVersionDate "2008.11.26"]
[SourceQuality "1"]

1. d4 e6 2. c4 Nf6 3. Nc3 Bb4 4. Bf4 0-0 5. e3 d6 6. Bd3 Bxc3+ 7. bxc3 e5 8. dxe5 dxe5 9. Bxe5 Nbd7 10. Bf4 Nc5 11. Be2 Qe7 12. Nf3 Bf5 13. 0-0 Rad8 14. Nd4 Bg6 15. Re1 c6 16. Qd2 h6 17. Rad1 Ne6 18. Qb2 Nxf4 19. exf4 Qc7 20. g3 Rfe8 21. Bf3 Be4 22. Bxe4 Nxe4 23. Nf5 Rxd1 24. Rxd1 Qa5 25. g4 Nxc3 26. Rd3 Ne2+ 27. Kf1 Qe1+ 28. Kxe1 Nxf4+ 29. Kd1 Re1+ 30. Kc2 1-0

[Event "RLP-ch MTA 27th"]
[Site "Hoeheinoed"]
[Date "2008.07.01"]
[Round "6"]
[White "Dietzsch, Herbert"]
[Black "Goreacinic, Dmitri"]
[Result "0-1"]
[WhiteElo "2197"]
[BlackElo "2324"]
[PlyCount "100"]
[EventDate "2008.06.27"]
[EventType "tourn"]
[EventRounds "11"]
[EventCountry "GER"]
[SourceTitle "EXT 2009"]
[Source "ChessBase"]
[SourceDate "2008.11.26"]
[SourceVersion "1"]
[SourceVersionDate "2008.11.26"]
[SourceQuality "1"]

1. e4 c5 2. c3 Nf6 3. e5 Nd5 4. d4 cxd4 5. Nf3 Nb6 6. cxd4 d5 7. Bd3 Bg4 8. h3 Bxf3 9. Qxf3 e6 10. Nc3 Nc6 11. Be3 Qd7 12. 0-0 0-0-0 13. a3 Kb8 14. Qe2 Rc8 15. b4 Nxb4 16. axb4 Rxc3 17. Bb5 Qc8 18. Qa2 a6 19. Qa5 Nc4 20. Bxc4 Qxc4 21. Rfb1 Be7 22. b5 Bd8 23. b6 Rb3 24. Qc5 Qxc5 25. dxc5 Rxb1+ 26. Rxb1 Be7 27. Kf1 Rc8 28. Rc1 Rc6 29. Ke2 Kc8 30. Kd3 Kd7 31. f4 Rc8 32. g4 g6 33. Bd4 a5 34. Rc3 Kc6 35. Ra3 Ra8 36. Ra1 a4 37. f5 Bxc5 38. Rc1 Ra5 39. Bc3 Rb5 40. fxg6 fxg6 41. Rf1 Rb3 42. Kc2 d4 43. Ba1 Bxb6 44. Rf6 Kd5 45. Rf7 d3+ 46. Kd2 Ba5+ 47. Ke3 d2+ 48. Ke2 Rb1 49. Rd7+ Kc4 50. Rd4+ Kb5 0-1

[Event "RLP-ch MTA 27th"]
[Site "Hoeheinoed"]
[Date "2008.06.28"]
[Round "3"]
[White "Goreacinic, Dmitri"]
[Black "Kessler, Andreas"]
[Result "1-0"]
[WhiteElo "2324"]
[BlackElo "2135"]
[PlyCount "81"]
[EventDate "2008.06.27"]
[EventType "tourn"]
[EventRounds "11"]
[EventCountry "GER"]
[SourceTitle "EXT 2009"]
[Source "ChessBase"]
[SourceDate "2008.11.26"]
[SourceVersion "1"]
[SourceVersionDate "2008.11.26"]
[SourceQuality "1"]

1. d4 Nf6 2. c4 e6 3. Nc3 Bb4 4. Bf4 b6 5. f3 Bxc3+ 6. bxc3 0-0 7. e4 d6 8. Bd3 Nbd7 9. Ne2 e5 10. Be3 Re8 11. 0-0 Nf8 12. a4 c5 13. a5 Bd7 14. Qb3 Qc7 15. Rfb1 bxa5 16. Qb7 Rec8 17. Qxc7 Rxc7 18. Rxa5 Ne6 19. Rb6 Ne8 20. f4 f6 21. Rb2 cxd4 22. cxd4 exd4 23. Nxd4 Nc5 24. Bc2 Nb7 25. Ra3 Kf8 26. e5 dxe5 27. fxe5 fxe5 28. Nf3 Nbd6 29. Nxe5 Bf5 30. Bxf5 Nxf5 31. Rf2 g6 32. g4 Neg7 33. gxf5 Nxf5 34. Bd4 Kg8 35. Ba1 Re8 36. Rfa2 Rce7 37. Ng4 Ra8 38. Nf6+ Kf8 39. c5 Rc7 40. Ra6 Rxc5 41. Nd7+ 1-0